000 01526nam a22004094a 4500
001 ebr10360131
003 CaPaEBR
006 m u
007 cr cn|||||||||
008 030620s2004 miua sb s001 0 eng
010 _z 2003014224
020 _z0472098500 (cloth : alk. paper)
020 _z0472068504 (pbk. : alk. paper)
040 _aCaPaEBR
_cCaPaEBR
035 _a(OCoLC)587803840
043 _an-us---
050 1 4 _aHF1379
_b.R48 2004eb
082 0 4 _a382
_221
100 1 _aReuveny, Rafael.
245 1 0 _aGrowth, trade & systemic leadership
_h[electronic resource] /
_cRafael Reuveny and William R. Thompson.
246 3 _aGrowth, trade, and systemic leadership
260 _aAnn Arbor :
_bUniversity of Michigan Press,
_cc2004.
300 _a286 p. :
_bill.
504 _aIncludes bibliographical references (p. 255-277) and index.
533 _aElectronic reproduction.
_bPalo Alto, Calif. :
_cebrary,
_d2013.
_nAvailable via World Wide Web.
_nAccess may be limited to ebrary affiliated libraries.
650 0 _aInternational trade.
650 0 _aTariff.
650 0 _aProtectionism.
650 0 _aEconomic development.
650 0 _aLeadership.
650 0 _aFree trade
_zUnited States.
651 0 _aUnited States
_xCommercial policy.
655 7 _aElectronic books.
_2local
700 1 _aThompson, William R.
710 2 _aebrary, Inc.
856 4 0 _uhttp://site.ebrary.com/lib/rucke/Doc?id=10360131
_zAn electronic book accessible through the World Wide Web; click to view
999 _c104001
_d104001